Score 0/20 Timer 06:00
3 Plays Today
% Correct
Ghostbusters
99.4%
Jaws
95.7%
The Silence of the Lambs
90.1%
Jurassic Park
84.9%
American Beauty
80.7%
The Dark Knight
78%
Alien
77.5%
Pulp Fiction
74.5%
E.T. the Extra-Terrestrial
73.5%
Gone with the Wind
68.9%
% Correct
Back to the Future
68.4%
Raiders of the Lost Ark
66.2%
The Usual Suspects
59.5%
Star Wars: Episode IV - A New Hope
51.4%
A Clockwork Orange
44.5%
Vertigo
40.4%
Metropolis
37.2%
Blade Runner
35.6%
The Exorcist
35.5%
The Thing
33.1%
Remove Ads.
Support Sporcle.
Get the best of Sporcle when you Go Orange. This ad-free experience offers more features, more stats, and more fun while also helping to support Sporcle. Thank you for becoming a member.

You're not logged in!

Compare scores with friends on all Sporcle quizzes.
OR
Log In

Show Comments

Extras

Top Quizzes Today


Score Distribution

Your Account Isn't Verified!

In order to create a playlist on Sporcle, you need to verify the email address you used during registration. Go to your Sporcle Settings to finish the process.

Report this User

Report this user for behavior that violates our Community Guidelines.

Details: